00633cam a22002051 45000010005000000030007000050050017000120080039000290350018000680400032000860410008001180820027001261000031001532450066001842600036002503000025002865040031003116500027003426510058003695991BD-RjU20211208234151.0140108s1968 nyu b 000 0 eng a(BD-RjUL)6030 aDLCcDLCdDLCdBD-RjULbeng aeng00a353.0008bALP 196822310aAltshuler, Alan A.,d1936-14aThe politics of the federal bureaucracy /cAlan A. Altshuler. aNew York :bDodd, Mead,cc1968. axi, 452 p. ;c24 cm. aBibliographical footnotes. 0aPublic administration. 0aUnited StatesxPolitics and governmenty20th century.